Представление документа в формате MARC21

Поле Инд. ПП Название Значение
Тип записи a
Библиографический уровень m
001 Контрольный номер RU/LIBMSTU/291394923
005 Дата корректировки 20200525162338.7
008 Кодируемые данные 090327|||||||||ru |||||||||||000|||rus||
020 a ISBN 978-5-94652-264-9
c Цена, тираж 150-00
040 b Код языка каталог. rus
041 0_ a Код языка текста rus
084 a Индекс другой классификации/Индекс ББК 65.291.21+65.290-09+65.012.1
090 a Полочн. индекс 65.291.21
x Авторский знак А 23
100 1_ a Автор Агарков С. А.
245 10 a Заглавие Риск - менеджмент (управление рисками)
b Продолж. заглавия учеб. пособие
260 a Место издания Санкт-Петербург
b Издательство Инфо-да
c Дата издания 2009
300 a Объем 113 с.
b Иллюстрации/ тип воспроизводства ил.
504 a Библиография Библиогр.: с. 111-113
583 x Служебное примечание Труды преподавателей МГТУ
650 04 a Основная рубрика Управление рисками-Учебные издания для высших учебных заведений
653 0_ a Ключевые слова Риски
653 1_ a Ключевые слова Управление рисками
653 1_ a Ключевые слова Риск-менеджмент
653 1_ a Ключевые слова Предприятия
653 1_ a Ключевые слова Анализ рисков
653 1_ a Ключевые слова Управленческие решения
a Ключевые слова Труды преподавателей МГТУ
700 12 a Другие авторы Кузнецова Е. С.
901 t Тип документа m
952 b Гриф литературы для ВШ Допущено Ученым советом МГТУ
c Вид литературы учебное пособие